| 000 | 00723nam a2200217 a 4500 | ||
|---|---|---|---|
| 001 | 000041524 | ||
| 005 | 20201002035624.0 | ||
| 008 | 131009s2003 cu af 000 0 spa d | ||
| 020 | _a8449424097 | ||
| 040 |
_aDO-SdBNP _bspa _cBNPHU |
||
| 082 |
_axxxx _bxxx |
||
| 100 | 1 |
_aLeymarie, Isabelle _968248 |
|
| 240 | 1 | 0 | _aCuba et la musique cubaine |
| 245 | 1 | 3 |
_aLa música cubana. / _cIsabelle Leymarie; traducción, Gloria Roset Arissó. |
| 260 |
_aLa Habana : _bOceano, _c2003. |
||
| 300 |
_a95 p. : _bil., lam. ; _c25 cm. |
||
| 504 | _aBibliografia p: 95 | ||
| 500 | _aIncluye glosario | ||
| 500 | _aIncluye datos biografícos de la autora en la solapa de la contraportada | ||
| 700 | 1 |
_aRoset Arissó, Gloria _etrad. _92695 |
|
| 999 |
_c41014 _d41014 |
||